00329nam a2200121Ia 4500008004100000041000800041082001200049100001800061245004500079260004100124300003100165365001100196240624s9999 xx 000 0 und d aeng a823 CHO aCHOPRA DEEPAK aFREEDOM THE CHOPRA CENTRE METHOD FOR OVE c2008aMumbaibJaico Publishing House axxi, : 218 : p. : cm. ; 22 cRSb20